00275nam a2200109Ia 4500008004100000100004300041245002100084260002800105300000800133942000700141999001700148190216s9999||||xx |||||||||||||| ||und|| aRobert L Boylestad And Louis Nashelsky 0aLangauge Testing bLondon & New Yorkc1975 a389 cBK c12878d12878